[Event "FRA-chT2 0910"]
[Site "France"]
[Date "2009.12.13"]
[Round "6.6"]
[White "Delabre, Tony"]
[Black "Dal Borgo, Albin"]
[Result "1/2-1/2"]
[WhiteElo "2067"]
[BlackElo "2163"]
[PlyCount "81"]
[EventDate "2009.09.27"]
[EventType "team"]
[EventRounds "11"]
[EventCountry "FRA"]
[SourceDate "2009.07.26"]

1. e4 e5 2. Nf3 Nc6 3. Bc4 Nf6 4. d4 exd4 5. e5 Ne4 6. Bd5 Nc5 7. O-O Ne6 8.
Re1 d6 9. Bxc6+ bxc6 10. exd6 Bxd6 11. Nxd4 O-O 12. Nf5 Bc5 13. Qxd8 Rxd8 14.
Be3 Bf8 15. Nc3 Rb8 16. Na4 c5 17. b3 Bd7 18. Nb2 Bc6 19. f3 g6 20. Nh6+ Kg7
21. Ng4 Be7 22. Bh6+ Kg8 23. Nc4 Be8 24. c3 Bb5 25. Na5 Rb6 26. Ne5 Bf6 27.
Rac1 Ra6 28. b4 cxb4 29. cxb4 Rd5 30. Ng4 Be7 31. a3 c5 32. Nb7 Rxa3 33. bxc5
Bc6 34. Nd6 Rd4 35. Kh1 Bh4 36. Re3 Rxe3 37. Bxe3 Rd3 38. Ne5 Rxe3 39. Nxc6
Re1+ 40. Rxe1 Bxe1 41. Nxa7 1/2-1/2

[Event "FRA-chT2 0910"]
[Site "France"]
[Date "2009.12.13"]
[Round "6.7"]
[White "Regniez, Jeremy"]
[Black "Barakoff, Catherine"]
[Result "1-0"]
[WhiteElo "1817"]
[BlackElo "1813"]
[PlyCount "66"]
[EventDate "2009.09.27"]
[EventType "team"]
[EventRounds "11"]
[EventCountry "FRA"]
[SourceDate "2009.07.26"]

1. d4 d5 2. Nf3 Nf6 3. Bg5 Nc6 4. e3 e6 5. c4 Be7 6. a3 O-O 7. Bd3 Ne4 8. Bxe7
Qxe7 9. Qc2 f5 10. O-O Bd7 11. b4 a6 12. Qb3 Ng5 13. Nxg5 dxc4 14. Bxc4 Qxg5
15. Bxe6+ Bxe6 16. Qxe6+ Rf7 17. Nd2 Raf8 18. Nf3 Qh5 19. Rac1 Kh8 20. Qb3 Rf6
21. b5 axb5 22. Qxb5 Rg6 23. Kh1 Qg4 24. Rg1 Rh6 25. Qxb7 Qe4 26. Qxc7 Nd8 27.
Qc5 Qg4 28. Qe7 Rg8 29. Rc8 Ne6 30. Rxg8+ Kxg8 31. Qe8+ Nf8 32. Qb8 Qh5 33. Rc1
Rf6 1-0

[Event "FRA-chT2 0910"]
[Site "France"]
[Date "2009.12.13"]
[Round "6.8"]
[White "Barakoff, Annie"]
[Black "Durczak, Melanie"]
[Result "1/2-1/2"]
[WhiteElo "1544"]
[BlackElo "1694"]
[PlyCount "94"]
[EventDate "2009.09.27"]
[EventType "team"]
[EventRounds "11"]
[EventCountry "FRA"]
[SourceDate "2009.07.26"]

1. Nf3 d5 2. g3 Nf6 3. Bg2 Bf5 4. d3 c6 5. Nbd2 Nbd7 6. c4 e5 7. O-O Bd6 8.
cxd5 cxd5 9. Nh4 Be6 10. e4 O-O 11. exd5 Bxd5 12. Ne4 Bc5 13. Nf5 Nxe4 14. dxe4
Be6 15. Ne3 Nf6 16. b3 Bd4 17. Rb1 Qd7 18. Qe2 Bh3 19. f3 Rac8 20. Kh1 Bxg2+
21. Nxg2 Qc6 22. Ba3 Rfe8 23. Rbc1 Qd7 24. Rcd1 Nh5 25. Nh4 Qh3 26. Qg2 Qxg2+
27. Kxg2 Rc2+ 28. Kh1 Rxa2 29. Bc1 Rc2 30. Nf5 Rd8 31. Be3 Re2 32. Bxd4 exd4
33. Rxd4 Rxd4 34. Nxd4 Rd2 35. Rc1 g6 36. Nb5 a6 37. Nc7 Nf6 38. Rc3 Rd7 39. e5
Nd5 40. Nxd5 Rxd5 41. f4 Rd7 42. Kg2 Kf8 43. Kf3 Ke7 44. g4 f6 45. Ke4 fxe5 46.
Kxe5 Kf7 47. h3 h6 1/2-1/2

[Event "FRA-chT2 0910"]
[Site "France"]
[Date "2009.12.13"]
[Round "6.1"]
[White "Petitcunot, Pierre"]
[Black "Bernard, Christophe"]
[Result "1-0"]
[WhiteElo "2395"]
[BlackElo "2356"]
[PlyCount "78"]
[EventDate "2009.09.27"]
[EventType "team"]
[EventRounds "11"]
[EventCountry "FRA"]
[SourceDate "2009.07.26"]

1. e4 c5 2. Nf3 d6 3. d4 cxd4 4. Nxd4 Nf6 5. Nc3 Nc6 6. Be2 e5 7. Nf3 h6 8. O-O
Be7 9. Re1 O-O 10. Bf1 Bg4 11. h3 Bh5 12. Be2 Bg6 13. Bc4 Rc8 14. Bb3 a6 15.
Qd3 Bh7 16. a3 b5 17. Nd5 Na5 18. Nxf6+ Bxf6 19. Bd5 Qc7 20. a4 Nc4 21. axb5
axb5 22. c3 Rb8 23. Ra6 Be7 24. Rc6 Qd7 25. b3 Nb6 26. Nxe5 dxe5 27. Rxb6 Bc5
28. Ra6 Kh8 29. Be3 Rbc8 30. Rea1 f6 31. Bxc5 Rxc5 32. Ra7 Rc7 33. Rxc7 Qxc7
34. Qe3 Bg8 35. Ra7 Qc8 36. Qg3 g5 37. Qf3 Qc5 38. Rd7 Qa3 39. g3 Qc1+ 1-0

[Event "FRA-chT2 0910"]
[Site "France"]
[Date "2009.12.13"]
[Round "6.2"]
[White "Cathelineau, Didier"]
[Black "Friess, Nicolas"]
[Result "1/2-1/2"]
[WhiteElo "2203"]
[BlackElo "2212"]
[PlyCount "98"]
[EventDate "2009.09.27"]
[EventType "team"]
[EventRounds "11"]
[EventCountry "FRA"]
[SourceDate "2009.07.26"]

1. Nf3 d5 2. d4 Nf6 3. c4 c6 4. Nc3 a6 5. a4 e6 6. e3 c5 7. Be2 Nc6 8. O-O Be7
9. b3 O-O 10. cxd5 exd5 11. Bb2 Be6 12. Rc1 cxd4 13. Nxd4 Qb6 14. Nb1 Rac8 15.
Nd2 Rfe8 16. N2f3 Ne4 17. Nxc6 Rxc6 18. Qd4 Bf6 19. Qxb6 Rxb6 20. Bxf6 Nxf6 21.
Nd4 Rc8 22. Rxc8+ Bxc8 23. Rc1 Be6 24. f3 Kf8 25. Rc3 Ke8 26. g4 h5 27. g5 Nh7
28. f4 g6 29. h4 Nf8 30. Bd3 Kd8 31. Kf2 Nd7 32. a5 Rd6 33. b4 Bg4 34. b5 Nb8
35. b6 Bc8 36. Rc7 Rd7 37. Rc5 Rd6 38. f5 gxf5 39. Bxf5 Nc6 40. Bxc8 Kxc8 41.
Kg3 Kd8 42. Nxc6+ bxc6 43. Kf4 Re6 44. Rc3 Kc8 45. Kf5 Kb7 46. Rd3 Kc8 47. Rc3
Kb8 48. Rd3 Kb7 49. Rc3 Kb8 1/2-1/2

[Event "FRA-chT2 0910"]
[Site "France"]
[Date "2009.12.13"]
[Round "6.3"]
[White "Rouze, Xavier"]
[Black "Yacob, Francois"]
[Result "1-0"]
[WhiteElo "2036"]
[BlackElo "2167"]
[PlyCount "37"]
[EventDate "2009.09.27"]
[EventType "team"]
[EventRounds "11"]
[EventCountry "FRA"]
[SourceDate "2009.07.26"]

1. Nf3 Nf6 2. d4 e6 3. Bg5 c5 4. Nc3 d5 5. e4 dxe4 6. Nxe4 cxd4 7. Bxf6 gxf6 8.
Bb5+ Nd7 9. Qxd4 Qa5+ 10. Nc3 a6 11. Bxd7+ Bxd7 12. Qxf6 Rg8 13. Ne5 Rg7 14.
O-O-O Bc6 15. Rd3 Qc7 16. Rhd1 Qe7 17. Qf4 Rxg2 18. Nxc6 bxc6 19. Qe4 1-0

[Event "FRA-chT2 0910"]
[Site "France"]
[Date "2009.12.13"]
[Round "6.5"]
[White "Broutin, Philippe"]
[Black "Couderc, Christophe"]
[Result "0-1"]
[WhiteElo "2061"]
[BlackElo "2091"]
[PlyCount "70"]
[EventDate "2009.09.27"]
[EventType "team"]
[EventRounds "11"]
[EventCountry "FRA"]
[SourceDate "2009.07.26"]

1. f4 c5 2. Nf3 Nc6 3. g3 g6 4. Bg2 Bg7 5. e4 d6 6. d3 e6 7. O-O Nge7 8. c3 O-O
9. Be3 b6 10. d4 cxd4 11. cxd4 d5 12. e5 Ba6 13. Re1 Rc8 14. Nc3 Qd7 15. g4 Nb4
16. Bf1 Bxf1 17. Rxf1 Qb7 18. Bf2 Qa6 19. Bh4 Rfe8 20. a3 Nd3 21. Qe2 Qc4 22.
Nd2 Qxd4+ 23. Kh1 Nxf4 24. Qf3 Qxd2 25. Rf2 Qd4 26. Ne2 Qe4 27. Qxe4 dxe4 28.
Rxf4 Bxe5 29. Rxe4 Bxb2 30. Rd1 Nd5 31. Ra4 a5 32. Rd2 Bf6 33. g5 Be7 34. Rd3
Rc2 35. Nd4 Rc1+ 0-1

[Event "FRA-chT2 0910"]
[Site "France"]
[Date "2009.12.13"]
[Round "6.6"]
[White "Ricroque, Jean Pierre"]
[Black "Bourgeois, Florian"]
[Result "1-0"]
[WhiteElo "2004"]
[BlackElo "1779"]
[PlyCount "79"]
[EventDate "2009.09.27"]
[EventType "team"]
[EventRounds "11"]
[EventCountry "FRA"]
[SourceDate "2009.07.26"]

1. d4 Nf6 2. Nf3 d5 3. c4 dxc4 4. Nc3 e6 5. e3 c5 6. Bxc4 Nc6 7. O-O cxd4 8.
exd4 Be7 9. a3 a6 10. Qd3 b5 11. Bb3 Bb7 12. Bc2 Qc7 13. g3 Rd8 14. Bf4 Bd6 15.
Bxd6 Rxd6 16. Qe3 O-O 17. Rfd1 Rfd8 18. Ne4 Nxe4 19. Bxe4 Qb6 20. Rac1 Ne7 21.
Bxb7 Qxb7 22. g4 Qb6 23. Rd2 Nd5 24. Qe4 Nf6 25. Qf4 Nd5 26. Qe4 Nf6 27. Qf4
Nd5 28. Qg3 Qb7 29. h4 f5 30. g5 Rc6 31. Re1 Qb8 32. Ne5 Rcd6 33. Rc1 Rc8 34.
Rdc2 Rxc2 35. Rxc2 Rd8 36. Rc6 Rc8 37. Rxe6 Rc1+ 38. Kh2 Qc8 39. Rd6 Ne7 40.
Qb3+ 1-0

[Event "FRA-chT2 0910"]
[Site "France"]
[Date "2009.12.13"]
[Round "6.7"]
[White "Bourgeois, Ludovic"]
[Black "Coussot, Jean Claude"]
[Result "0-1"]
[WhiteElo "1740"]
[BlackElo "1784"]
[PlyCount "76"]
[EventDate "2009.09.27"]
[EventType "team"]
[EventRounds "11"]
[EventCountry "FRA"]
[SourceDate "2009.07.26"]

1. c4 c5 2. g3 Nc6 3. Bg2 Nf6 4. Nc3 d6 5. e4 g6 6. Nge2 Bg7 7. O-O O-O 8. d3
Rb8 9. h3 e5 10. f4 exf4 11. Bxf4 Nh5 12. Qd2 Nxf4 13. Nxf4 Qg5 14. Kh2 Ne5 15.
Nce2 b5 16. h4 Ng4+ 17. Kh1 Qe5 18. Rab1 bxc4 19. dxc4 Rxb2 20. Qa5 Rxb1 21.
Rxb1 Nf2+ 22. Kh2 Bg4 23. Qd2 Nxe4 24. Bxe4 Qxe4 25. Re1 Qxc4 26. Nd5 Bxe2 27.
Rxe2 Qd4 28. Ne7+ Kh8 29. Qe1 Be5 30. Nc6 Qd5 31. Ne7 Qe6 32. Nc6 Qd5 33. Ne7
Qb7 34. Rxe5 dxe5 35. Qxe5+ f6 36. Qxc5 Re8 37. Nc6 Rc8 38. Qb4 Qxc6 0-1

[Event "FRA-chT2 0910"]
[Site "France"]
[Date "2009.12.13"]
[Round "6.1"]
[White "Roeder, Mathias"]
[Black "Bousmaha, Abderahmane"]
[Result "1-0"]
[WhiteElo "2387"]
[BlackElo "2073"]
[PlyCount "49"]
[EventDate "2009.09.27"]
[EventType "team"]
[EventRounds "11"]
[EventCountry "FRA"]
[SourceDate "2009.07.26"]

1. Nf3 c5 2. c4 Nf6 3. g3 d5 4. cxd5 Nxd5 5. Bg2 Nc6 6. d4 cxd4 7. Nxd4 Ndb4 8.
Nxc6 Qxd1+ 9. Kxd1 bxc6 10. Bd2 Nd5 11. Nc3 Bb7 12. Rc1 e6 13. Na4 Rd8 14. Nc5
Ba8 15. e4 Nf6 16. Ke2 Be7 17. Rc4 Nd7 18. Nxd7 Rxd7 19. e5 Rc7 20. Rhc1 Kd7
21. Ba5 Rcc8 22. Rd1+ Ke8 23. Ra4 Bg5 24. Bd2 c5 25. Ba5 1-0

[Event "FRA-chT2 0910"]
[Site "France"]
[Date "2009.12.13"]
[Round "6.3"]
[White "Maitesian, Sergei"]
[Black "Bekkat, Azzedine"]
[Result "1-0"]
[WhiteElo "2287"]
[BlackElo "2174"]
[PlyCount "77"]
[EventDate "2009.09.27"]
[EventType "team"]
[EventRounds "11"]
[EventCountry "FRA"]
[SourceDate "2009.07.26"]

1. e4 c5 2. Nf3 d6 3. d3 Nf6 4. g3 g6 5. Bg2 Bg7 6. O-O O-O 7. h3 Nc6 8. Re1
Qc7 9. c3 Qb6 10. Nbd2 Bd7 11. Nc4 Qa6 12. e5 dxe5 13. Nfxe5 Rad8 14. Be3 Nxe5
15. Nxe5 b6 16. d4 Be6 17. Nc6 Rd7 18. Qc1 Nd5 19. Bh6 Re8 20. c4 Bxh6 21. Qxh6
Qxc4 22. Ne5 Qb5 23. Nxd7 Qxd7 24. dxc5 bxc5 25. Rad1 Qd6 26. Qg5 Rd8 27. Qe5
Qc6 28. Rd2 Rd6 29. Red1 f6 30. Qe4 Qc7 31. Rxd5 Bxd5 32. Rxd5 Rb6 33. Qc4 Rb4
34. Rd8+ Kg7 35. Qg8+ Kh6 36. Qf8+ Kg5 37. Rd5+ e5 38. h4+ Kf5 39. Rd6 1-0

[Event "FRA-chT2 0910"]
[Site "France"]
[Date "2009.12.13"]
[Round "6.5"]
[White "Soyez, Cyril"]
[Black "Gatine, Aurelia"]
[Result "1-0"]
[WhiteElo "2223"]
[BlackElo "2007"]
[PlyCount "59"]
[EventDate "2009.09.27"]
[EventType "team"]
[EventRounds "11"]
[EventCountry "FRA"]
[SourceDate "2009.07.26"]

1. c4 g6 2. g3 Bg7 3. Bg2 d6 4. Nc3 e5 5. e3 Ne7 6. Nge2 Nbc6 7. Rb1 Bf5 8. d3
Qc8 9. h3 h5 10. b4 a6 11. a4 h4 12. g4 Bd7 13. b5 axb5 14. axb5 Na5 15. b6 f5
16. bxc7 Qxc7 17. Nb5 Bxb5 18. Rxb5 O-O 19. Bd2 e4 20. dxe4 Nxc4 21. exf5 Ra1
22. Bc1 b6 23. fxg6 Nxe3 24. Qb3+ Nc4 25. O-O Ra5 26. Bg5 Ra3 27. Qc2 Rc8 28.
Bxe7 Qxe7 29. Bd5+ Kh8 30. Qf5 1-0

[Event "FRA-chT2 0910"]
[Site "France"]
[Date "2009.12.13"]
[Round "6.6"]
[White "Guedouar, Houssem"]
[Black "Flament, Frederic"]
[Result "1/2-1/2"]
[WhiteElo "1999"]
[BlackElo "2130"]
[PlyCount "57"]
[EventDate "2009.09.27"]
[EventType "team"]
[EventRounds "11"]
[EventCountry "FRA"]
[SourceDate "2009.07.26"]

1. c4 Nf6 2. g3 e6 3. Nf3 b6 4. Bg2 Bb7 5. O-O Be7 6. b3 d5 7. Bb2 O-O 8. d3 c5
9. Qc2 Nc6 10. a3 Qc7 11. Nbd2 Rad8 12. cxd5 exd5 13. e3 Qc8 14. d4 cxd4 15.
Bxd4 Nxd4 16. Nxd4 Qxc2 17. Nxc2 Rc8 18. Nd4 Ne4 19. N2f3 a5 20. Bh3 Rc3 21.
Rfc1 Rxc1+ 22. Rxc1 Bxa3 23. Rc7 Ba6 24. Nf5 Re8 25. Ra7 Bc8 26. Ra8 Bd7 27.
Ra7 Bc8 28. Ra8 Bd7 29. Ra7 1/2-1/2

[Event "FRA-chT2 0910"]
[Site "France"]
[Date "2009.12.13"]
[Round "6.8"]
[White "Gerthoffer, Eric"]
[Black "Donnat, Jean"]
[Result "0-1"]
[WhiteElo "1530"]
[BlackElo "1790"]
[PlyCount "98"]
[EventDate "2009.09.27"]
[EventType "team"]
[EventRounds "11"]
[EventCountry "FRA"]
[SourceDate "2009.07.26"]

1. e4 c5 2. c3 e6 3. d4 d5 4. exd5 Qxd5 5. Nf3 cxd4 6. Nxd4 Nf6 7. Nd2 a6 8.
Qc2 Bc5 9. N2f3 O-O 10. Be2 Bxd4 11. cxd4 Nc6 12. Be3 b5 13. O-O Bb7 14. a3
Rac8 15. Qd3 Rfd8 16. Rfc1 Ne4 17. Rc2 e5 18. Rac1 exd4 19. Nxd4 Nxd4 20. Qxd4
Rxc2 21. Rxc2 Qxd4 22. Bxd4 Rxd4 23. Rc7 Nd6 24. Rd7 g6 25. f3 Kf8 26. Rd8+ Ke7
27. Rh8 h5 28. g4 hxg4 29. fxg4 Rd2 30. Kf1 Rxb2 31. Rh3 Bg2+ 32. Kxg2 Rxe2+
33. Kf1 Ra2 34. Re3+ Kf6 35. h4 Nc4 36. Rf3+ Kg7 37. g5 Rxa3 38. Rf6 b4 39. Rc6
b3 40. Rxc4 b2 41. Rb4 Ra1+ 42. Ke2 b1=Q 43. Rxb1 Rxb1 44. Kd2 Rb3 45. Kc2 Rh3
46. Kb2 a5 47. Ka2 f6 48. gxf6+ Kxf6 49. Kb2 Ke5 0-1

[Event "FRA-chT2 0910"]
[Site "France"]
[Date "2009.12.13"]
[Round "6.1"]
[White "Piot, Olivier"]
[Black "Vallin, Guillaume"]
[Result "1/2-1/2"]
[WhiteElo "2272"]
[BlackElo "2425"]
[PlyCount "74"]
[EventDate "2009.09.27"]
[EventType "team"]
[EventRounds "11"]
[EventCountry "FRA"]
[SourceDate "2009.07.26"]

1. d4 e6 2. c4 Nf6 3. Nc3 Bb4 4. e3 d5 5. a3 Be7 6. Nf3 O-O 7. Bd3 b6 8. O-O
Bb7 9. cxd5 exd5 10. Ne5 c5 11. b3 Nc6 12. Nxc6 Bxc6 13. Bb2 Re8 14. Rc1 Qd7
15. a4 cxd4 16. exd4 Bd6 17. Rc2 a6 18. Bc1 b5 19. axb5 axb5 20. Bg5 Ne4 21.
Bc1 Nxc3 22. Rxc3 b4 23. Bxh7+ Kxh7 24. Qc2+ Kg8 25. Rxc6 Rac8 26. Rxc8 Rxc8
27. Qa2 Qf5 28. Qa6 Qe6 29. g3 Rc2 30. Be3 Rc3 31. Qa4 Rxe3 32. fxe3 Qxe3+ 33.
Kg2 Qe2+ 34. Rf2 Qe4+ 35. Kh3 Qh7+ 36. Kg2 Qe4+ 37. Kh3 Qh7+ 1/2-1/2

[Event "FRA-chT2 0910"]
[Site "France"]
[Date "2009.12.13"]
[Round "6.2"]
[White "Payen, Arnaud"]
[Black "Dicko, Henri"]
[Result "1/2-1/2"]
[WhiteElo "2360"]
[BlackElo "2207"]
[PlyCount "75"]
[EventDate "2009.09.27"]
[EventType "team"]
[EventRounds "11"]
[EventCountry "FRA"]
[SourceDate "2009.07.26"]

1. Nf3 f5 2. g3 Nf6 3. Bg2 g6 4. O-O Bg7 5. d4 d6 6. c4 O-O 7. Nc3 Qe8 8. Nd5
Nxd5 9. cxd5 c6 10. dxc6 Nxc6 11. d5 Ne5 12. Ng5 Qb5 13. a4 Qa6 14. h4 Bd7 15.
Ne6 Bxe6 16. dxe6 Rac8 17. Ra3 Rc7 18. b4 Qc4 19. Rb3 b6 20. a5 Rfc8 21. axb6
axb6 22. Be3 Qb5 23. Qd5 Qxe2 24. Bxb6 Rc1 25. Be3 Nf3+ 26. Qxf3 Rxf1+ 27. Kh2
Qxf3 28. Bxf3 Rc3 29. Rxc3 Bxc3 30. b5 Rb1 31. b6 Bb4 32. Bg5 Kf8 33. Bc6 Bc5
34. b7 Ba7 35. Bh6+ Kg8 36. Bg5 Kf8 37. Bh6+ Kg8 38. Bg5 1/2-1/2

[Event "FRA-chT2 0910"]
[Site "France"]
[Date "2009.12.13"]
[Round "6.3"]
[White "Rano, David"]
[Black "Mandon, Fabrice"]
[Result "0-1"]
[WhiteElo "2191"]
[BlackElo "2241"]
[PlyCount "64"]
[EventDate "2009.09.27"]
[EventType "team"]
[EventRounds "11"]
[EventCountry "FRA"]
[SourceDate "2009.07.26"]

1. d4 d5 2. c4 dxc4 3. e3 a6 4. Bxc4 Nf6 5. a4 e6 6. Nf3 c5 7. Nc3 Nc6 8. O-O
Be7 9. Qe2 O-O 10. Rd1 Qc7 11. h3 Bd7 12. d5 exd5 13. Nxd5 Nxd5 14. Bxd5 Nb4
15. Bc4 Rad8 16. Bd2 Bf6 17. Bxb4 cxb4 18. Nd4 Rfe8 19. Rac1 Qa5 20. b3 Bxh3
21. Qf3 Bc8 22. Nc2 h5 23. Qf4 Bg4 24. Rxd8 Qxd8 25. e4 g5 26. Qe3 Bc3 27. Rf1
Qd2 28. Qb6 Be6 29. Ne3 Bd4 30. Qxb7 Bxc4 31. Nxc4 Qf4 32. Qd7 Rxe4 0-1

[Event "FRA-chT2 0910"]
[Site "France"]
[Date "2009.12.13"]
[Round "6.4"]
[White "Lefebvre, Herve"]
[Black "Lemoine, Thomas"]
[Result "1-0"]
[WhiteElo "2256"]
[BlackElo "2006"]
[PlyCount "51"]
[EventDate "2009.09.27"]
[EventType "team"]
[EventRounds "11"]
[EventCountry "FRA"]
[SourceDate "2009.07.26"]

1. e4 e6 2. d4 d5 3. Nd2 Nf6 4. e5 Nfd7 5. Bd3 c5 6. c3 Nc6 7. Ndf3 Qb6 8. Ne2
cxd4 9. cxd4 f6 10. exf6 Nxf6 11. O-O Bd6 12. Bf4 Bxf4 13. Nxf4 O-O 14. Qd2 Bd7
15. Rfe1 Rae8 16. Rac1 Qc7 17. Ne5 Qd6 18. Qe3 Nd8 19. Qh3 Nf7 20. Nxd7 Qxd7
21. Nxe6 Rxe6 22. Qxe6 Qa4 23. Rc8 Qxd4 24. Rxf8+ Kxf8 25. Qe7+ Kg8 26. Qe8+
1-0

[Event "FRA-chT2 0910"]
[Site "France"]
[Date "2009.12.13"]
[Round "6.5"]
[White "Triger, Franck"]
[Black "Jeanne, Mickael"]
[Result "1/2-1/2"]
[WhiteElo "2107"]
[BlackElo "2165"]
[PlyCount "61"]
[EventDate "2009.09.27"]
[EventType "team"]
[EventRounds "11"]
[EventCountry "FRA"]
[SourceDate "2009.07.26"]

1. d4 e6 2. e4 d5 3. exd5 exd5 4. c4 Nf6 5. Nf3 Be7 6. Bd3 O-O 7. O-O dxc4 8.
Bxc4 Nbd7 9. Nc3 Nb6 10. Bb3 Bg4 11. h3 Bxf3 12. Qxf3 c6 13. Re1 Re8 14. Be3
Qd7 15. Rad1 Rad8 16. d5 Nbxd5 17. Bxa7 Bd6 18. Bd4 Rxe1+ 19. Rxe1 Re8 20. Rd1
Qe7 21. g3 Nxc3 22. Bxc3 Bc5 23. Re1 Qf8 24. Rxe8 Nxe8 25. Qf5 Bd6 26. Bc2 g6
27. Qe4 f6 28. Qe6+ Kg7 29. Qc8 Qe7 30. Bb3 Be5 31. Bxe5 1/2-1/2

[Event "FRA-chT2 0910"]
[Site "France"]
[Date "2009.12.13"]
[Round "6.6"]
[White "Vaugeois, Cyrille"]
[Black "Favre, Mathieu"]
[Result "1-0"]
[WhiteElo "2177"]
[BlackElo "2041"]
[PlyCount "98"]
[EventDate "2009.09.27"]
[EventType "team"]
[EventRounds "11"]
[EventCountry "FRA"]
[SourceDate "2009.07.26"]

1. e4 d5 2. exd5 Qxd5 3. Nc3 Qa5 4. Nf3 Nf6 5. Be2 c6 6. O-O g6 7. a3 Bg7 8. b4
Qd8 9. Rb1 O-O 10. h3 Nbd7 11. d4 Nb6 12. Be3 Nbd5 13. Qd2 Nxe3 14. Qxe3 Nd5
15. Qd2 Bf5 16. Bd3 Bxd3 17. Qxd3 Re8 18. Rfe1 h6 19. Rbd1 Rc8 20. Ne2 Qc7 21.
c4 Nf6 22. Nc3 e6 23. Ne5 Rcd8 24. Qe3 a6 25. f4 h5 26. g3 b5 27. Qe2 bxc4 28.
Qxc4 Rd6 29. b5 Qb6 30. bxc6 Bf8 31. g4 hxg4 32. hxg4 Rc8 33. g5 Rdxc6 34. Nxc6
Rxc6 35. Qd3 Nh5 36. Ne2 Qc7 37. Qe3 Rd6 38. Rc1 Qd8 39. Red1 Rd5 40. Rd3 Bd6
41. Rdc3 Kg7 42. Rc8 Qe7 43. R1c2 Qb7 44. Kf2 Qe7 45. Ra8 Nxf4 46. Nxf4 Bxf4
47. Qh3 Rd8 48. Rac8 Bxg5 49. Rxd8 Qf6+ 1-0

[Event "FRA-chT2 0910"]
[Site "France"]
[Date "2009.12.13"]
[Round "6.7"]
[White "Silva, Francis"]
[Black "Theon, Pierre"]
[Result "1-0"]
[WhiteElo "2037"]
[BlackElo "2107"]
[PlyCount "78"]
[EventDate "2009.09.27"]
[EventType "team"]
[EventRounds "11"]
[EventCountry "FRA"]
[SourceDate "2009.07.26"]

1. d4 c5 2. d5 g6 3. e4 Bg7 4. c3 d6 5. f4 Nf6 6. Nf3 O-O 7. Qc2 e6 8. dxe6
Bxe6 9. Be2 d5 10. e5 Ne4 11. O-O Nc6 12. Be3 f6 13. exf6 Qxf6 14. g3 Rae8 15.
Nbd2 Nxg3 16. hxg3 Bf5 17. Qb3 Rxe3 18. Kf2 c4 19. Qb5 Qe6 20. Rfe1 Re8 21. Bf1
Bd3 22. Qc5 Be2 23. Ng5 Qf5 24. Bxe2 Bf8 25. Qb5 h6 26. Bxc4 dxc4 27. Qxf5 gxf5
28. Rxe3 Bc5 29. Nge4 fxe4 30. Nxc4 Rd8 31. Ke2 Bxe3 32. Nxe3 Rd7 33. Rh1 Rh7
34. g4 Ne7 35. c4 Ng6 36. Nd5 Rf7 37. Ke3 Kg7 38. Kxe4 Ne7 39. Rh5 Nc8 1-0

[Event "FRA-chT2 0910"]
[Site "France"]
[Date "2009.12.13"]
[Round "6.2"]
[White "Dussart, Frederic"]
[Black "Cappon, John"]
[Result "1/2-1/2"]
[WhiteElo "2274"]
[BlackElo "2213"]
[PlyCount "31"]
[EventDate "2009.09.27"]
[EventType "team"]
[EventRounds "11"]
[EventCountry "FRA"]
[SourceDate "2009.07.26"]

1. e4 c5 2. Nf3 e6 3. d4 cxd4 4. Nxd4 a6 5. Nc3 Qc7 6. Be3 Bb4 7. Qd2 Nf6 8. f3
d5 9. exd5 Nxd5 10. Nde2 Nxe3 11. Qxe3 O-O 12. O-O-O Nd7 13. Qe4 Be7 14. f4 Nc5
15. Qe3 b5 16. Nd4 1/2-1/2

[Event "FRA-chT2 0910"]
[Site "France"]
[Date "2009.12.13"]
[Round "6.3"]
[White "Jadoul, Michel"]
[Black "Boulard, Eric"]
[Result "0-1"]
[WhiteElo "2307"]
[BlackElo "2249"]
[PlyCount "54"]
[EventDate "2009.09.27"]
[EventType "team"]
[EventRounds "11"]
[EventCountry "FRA"]
[SourceDate "2009.07.26"]

1. c4 f5 2. g3 Nf6 3. Nf3 g6 4. Bg2 Bg7 5. O-O O-O 6. Nc3 d6 7. d4 Qe8 8. d5 a5
9. Nd4 Na6 10. e4 fxe4 11. Nxe4 Nxe4 12. Bxe4 Bh3 13. Bg2 Bxg2 14. Kxg2 Nc5 15.
Re1 Qf7 16. f4 c6 17. Nf3 Bf6 18. Be3 cxd5 19. cxd5 Bxb2 20. Ng5 Qf5 21. Rb1
Nd3 22. Re2 Bf6 23. Nf3 Rfc8 24. Rb5 Rc4 25. Bd4 Bxd4 26. Nh4 Nxf4+ 27. Kh1 Qg4
0-1

[Event "FRA-chT2 0910"]
[Site "France"]
[Date "2009.12.13"]
[Round "6.4"]
[White "Lebrun, Xavier"]
[Black "Le Hay, Thierry"]
[Result "1-0"]
[WhiteElo "2171"]
[BlackElo "2129"]
[PlyCount "71"]
[EventDate "2009.09.27"]
[EventType "team"]
[EventRounds "11"]
[EventCountry "FRA"]
[SourceDate "2009.07.26"]

1. e4 e6 2. d4 d5 3. e5 c5 4. c3 Nc6 5. Nf3 Bd7 6. Be2 f6 7. O-O fxe5 8. dxe5
Qc7 9. Re1 g6 10. Bb5 O-O-O 11. Bg5 Be7 12. Bxe7 Ngxe7 13. Nbd2 h6 14. Nb3 Qb6
15. a4 g5 16. Bf1 Rhf8 17. a5 Qc7 18. Nxc5 Nxe5 19. Nxe5 Qxe5 20. Qd2 Be8 21.
Nd3 Qd6 22. Qe3 Kb8 23. Qxe6 Nf5 24. Nb4 Bc6 25. a6 Rf6 26. Qxd6+ Rfxd6 27.
axb7 Bxb7 28. Re5 Nh4 29. Na6+ Bxa6 30. Rxa6 Ng6 31. Re6 Rxa6 32. Bxa6 Nf4 33.
Rxh6 d4 34. cxd4 Rxd4 35. h3 Rb4 36. Rc6 1-0

[Event "FRA-chT2 0910"]
[Site "France"]
[Date "2009.12.13"]
[Round "6.5"]
[White "Polard, Gaetan"]
[Black "Leuly, Max"]
[Result "1-0"]
[WhiteElo "2228"]
[BlackElo "2144"]
[PlyCount "107"]
[EventDate "2009.09.27"]
[EventType "team"]
[EventRounds "11"]
[EventCountry "FRA"]
[SourceDate "2009.07.26"]

1. e4 c5 2. Nf3 d6 3. d4 cxd4 4. Qxd4 a6 5. c4 e6 6. Bg5 Nf6 7. Nc3 Be7 8. Be2
O-O 9. O-O Nbd7 10. Rfd1 Qc7 11. Bh4 b6 12. h3 Bb7 13. Rac1 Rac8 14. Qe3 Rfd8
15. Bg3 Ne5 16. Nd4 Qb8 17. b3 Qa8 18. f3 Ned7 19. Kh1 Bf8 20. Bf2 Nc5 21. Nc2
Ncd7 22. Na4 Rb8 23. Bg3 Bc6 24. Nc3 Nc5 25. Bh2 b5 26. b4 Na4 27. Nxa4 bxa4
28. a3 h6 29. c5 dxc5 30. Bxb8 Rxb8 31. bxc5 Nd7 32. Nb4 a5 33. Nxc6 Qxc6 34.
Qd2 Nxc5 35. Qxa5 Nb3 36. Rxc6 Nxa5 37. Ra6 Nb3 38. Rxa4 Nc5 39. Ra7 Rb2 40.
Ra8 Rxe2 41. Rdd8 g6 42. Rxf8+ Kg7 43. Rg8+ Kf6 44. Ra7 Nd3 45. Rf8 Kg5 46.
Rfxf7 Kh4 47. Kh2 g5 48. e5 Nxe5 49. Ra4+ Kh5 50. Rf6 Nd7 51. Rf7 Ne5 52. Rf8
Ng6 53. Rf6 Ne5 54. Rxe6 1-0

[Event "FRA-chT2 0910"]
[Site "France"]
[Date "2009.12.13"]
[Round "6.6"]
[White "Marin, Frederic Vincent"]
[Black "Viatte, Robert"]
[Result "1/2-1/2"]
[WhiteElo "2050"]
[BlackElo "2144"]
[PlyCount "49"]
[EventDate "2009.09.27"]
[EventType "team"]
[EventRounds "11"]
[EventCountry "FRA"]
[SourceDate "2009.07.26"]

1. d4 g6 2. e4 Bg7 3. f4 d6 4. Nc3 Nf6 5. Nf3 O-O 6. Be3 Nc6 7. Qd2 Bg4 8. Be2
e5 9. fxe5 dxe5 10. d5 Bxf3 11. Bxf3 Nd4 12. O-O-O c6 13. Kb1 cxd5 14. Nxd5
Nxd5 15. exd5 Nf5 16. Bc5 Nd6 17. Qb4 a5 18. Qb6 Qxb6 19. Bxb6 Rfc8 20. Be2 a4
21. Rhf1 f5 22. a3 Bf6 23. b3 Kg7 24. c3 h5 25. Rd2 1/2-1/2